MARC

LEADER 00000nam0a2200000 4500
001 294369
005 20231102000706.0
035 |a (RuTPU)RU\TPU\book\319425 
090 |a 294369 
100 |a 20150513d1968 k y0rusy50 ca 
101 0 |a rus 
102 |a RU 
105 |a a z 001zy 
200 1 |a Расчет зданий ГЭС и водосливных плотин  |f В. Х. Гольцман 
210 |a Москва  |c Энергия  |d 1968 
215 |a 164 с.  |c ил. 
225 1 |a Библиотека гидротехника и гидроэнергетика  |v Вып. 3 
320 |a Библиогр.: с. 161-162. 
606 1 |a Гидроэлектрические станции  |x Проектирование  |2 stltpush  |3 (RuTPU)RU\TPU\subj\7138  |9 34858 
606 1 |a Плотины водосливные  |x Гидравлический расчет  |x Расчет  |2 stltpush  |3 (RuTPU)RU\TPU\subj\49347  |9 68148 
610 1 |a ГЭС 
610 1 |a расчеты 
610 1 |a нагрузки 
610 1 |a конструкции 
610 1 |a прочность 
675 |a 621.311.21.001.6  |v 3 
675 |a 627.831  |v 3 
700 1 |a Гольцман  |b В. Х.  |g Вольф Хананович 
801 1 |a RU  |b 63413507  |c 20150513 
801 2 |a RU  |b 63413507  |c 20221124  |g RCR 
942 |c BK